[Event "CAN-op"]
[Site "Winnipeg CAN"]
[Date "1997.07.15"]
[Round "5"]
[White "Haessel, Dale"]
[Black "Wong, Ford"]
[Result "1-0"]
[WhiteElo "2292"]
[BlackElo "2007"]
[PlyCount "135"]
[GameId "2160767911932644"]
[EventDate "1997.07.12"]
[EventType "swiss"]
[EventRounds "10"]
[EventCountry "CAN"]
[SourceTitle "EXP 60"]
[Source "ChessBase"]
[SourceDate "1997.11.24"]
[SourceVersion "1"]
[SourceVersionDate "1997.11.24"]
[SourceQuality "1"]

1. e4 g6 2. d4 Bg7 3. Nc3 d6 4. Nge2 Nf6 5. g3 O-O 6. Bg2 e5 7. O-O c6 8. a4 Be6 9. h3 Qc8 10. Kh2 Na6 11. Be3 Nc7 12. Qd2 Nh5 13. d5 cxd5 14. exd5 Bd7 15. g4 Nf6 16. g5 Nh5 17. Ne4 Ne8 18. N2g3 Nf4 19. Bxf4 exf4 20. Qxf4 Be5 21. Qc1 f5 22. gxf6 Bxf6 23. Nxf6+ Rxf6 24. c3 Ng7 25. Qc2 Nf5 26. Ne4 Rf7 27. Qd3 Qf8 28. b3 Nh4 29. Qg3 Nxg2 30. Kxg2 Rf4 31. Rae1 Re8 32. Ng5 Rxe1 33. Rxe1 Qf5 34. c4 h5 35. Ne6 Re4 36. Rxe4 Qxe4+ 37. Qf3 Qxf3+ 38. Kxf3 Kf7 39. Ng5+ Kf6 40. Kf4 b6 41. Ne4+ Ke7 42. h4 a5 43. Kg5 Bf5 44. f3 Bxe4 45. fxe4 Kf7 46. Kf4 Kf8 47. e5 dxe5+ 48. Kxe5 Ke7 49. Kf4 Kf6 50. d6 Ke6 51. Kg5 Kxd6 52. Kxg6 Kc5 53. Kxh5 Kb4 54. Kg4 Kxb3 55. h5 Kxc4 56. h6 Kb4 57. h7 Kxa4 58. Kf5 b5 59. Ke4 b4 60. Kd3 Ka3 61. Kc2 Ka2 62. h8=Q Ka3 63. Qh3+ Ka2 64. Qb3+ Ka1 65. Kc1 a4 66. Qxb4 a3 67. Qb3 a2 68. Qc3# 1-0

[Event "CAN-op"]
[Site "Winnipeg CAN"]
[Date "1997.07.15"]
[Round "5"]
[White "Klokow, John"]
[Black "Khedkar, Jay"]
[Result "1-0"]
[WhiteElo "1692"]
[BlackElo "2001"]
[PlyCount "31"]
[GameId "2160767911932646"]
[EventDate "1997.07.12"]
[EventType "swiss"]
[EventRounds "10"]
[EventCountry "CAN"]
[SourceTitle "EXP 60"]
[Source "ChessBase"]
[SourceDate "1997.11.24"]
[SourceVersion "1"]
[SourceVersionDate "1997.11.24"]
[SourceQuality "1"]

1. e4 c5 2. Nf3 d6 3. d4 cxd4 4. Nxd4 Nf6 5. Nc3 a6 6. Bc4 e6 7. Bb3 b5 8. O-O Bb7 9. Bg5 Be7 10. Bxe6 fxe6 11. Nxe6 Qd7 12. Nxg7+ Kf7 13. Nf5 Nxe4 14. Qh5+ Kf8 15. Bxe7+ Kg8 16. Qg4+ 1-0

[Event "CAN-op"]
[Site "Winnipeg CAN"]
[Date "1997.07.15"]
[Round "5"]
[White "Kollar, Frank"]
[Black "Bowles, Charles"]
[Result "1-0"]
[WhiteElo "2157"]
[BlackElo "1651"]
[PlyCount "69"]
[GameId "2160767911932647"]
[EventDate "1997.07.12"]
[EventType "swiss"]
[EventRounds "10"]
[EventCountry "CAN"]
[SourceTitle "EXP 60"]
[Source "ChessBase"]
[SourceDate "1997.11.24"]
[SourceVersion "1"]
[SourceVersionDate "1997.11.24"]
[SourceQuality "1"]

1. e4 g6 2. d4 Bg7 3. Nc3 d6 4. Bc4 c6 5. a4 Nf6 6. Bb3 Qc7 7. Nf3 Nbd7 8. O-O O-O 9. Qe2 Kh8 10. h3 e5 11. dxe5 dxe5 12. Be3 b6 13. Rfd1 a5 14. Qd2 Ba6 15. Qd6 Qb7 16. Ng5 Nc5 17. Bxc5 bxc5 18. Qxc5 h6 19. Nf3 Qc7 20. Qxe5 Qb6 21. Qd4 Qc7 22. e5 Rfd8 23. exf6 Rxd4 24. fxg7+ Kxg7 25. Nxd4 Rd8 26. Rd2 Re8 27. Rad1 Bc8 28. Bc4 Qf4 29. Bf1 Bb7 30. Nb3 Re5 31. Rd4 Qf5 32. Bd3 Qh5 33. Bf1 c5 34. Rd7 Bc8 35. R7d5 1-0

[Event "CAN-op"]
[Site "Winnipeg CAN"]
[Date "1997.07.15"]
[Round "5"]
[White "Kulczycki, Michael"]
[Black "Huczek, George"]
[Result "1/2-1/2"]
[WhiteElo "1722"]
[BlackElo "2052"]
[PlyCount "39"]
[GameId "2160767911932648"]
[EventDate "1997.07.12"]
[EventType "swiss"]
[EventRounds "10"]
[EventCountry "CAN"]
[SourceTitle "EXP 60"]
[Source "ChessBase"]
[SourceDate "1997.11.24"]
[SourceVersion "1"]
[SourceVersionDate "1997.11.24"]
[SourceQuality "1"]

1. d4 d5 2. c4 c6 3. Nc3 Bf5 4. cxd5 cxd5 5. Qb3 e6 6. Qxb7 Nd7 7. Bf4 Ngf6 8. e3 Be7 9. Bc7 Qc8 10. Ba6 O-O 11. Qxc8 Raxc8 12. Bxc8 Rxc8 13. Ba5 Nb8 14. Nge2 h6 15. O-O Nc6 16. b4 Nxa5 17. bxa5 Bb4 18. Rfc1 Ba3 19. Nb5 Bxc1 20. Rxc1 1/2-1/2

[Event "CAN-op"]
[Site "Winnipeg CAN"]
[Date "1997.07.15"]
[Round "5"]
[White "Lipnowski, Irwin"]
[Black "Czypinski, Jaroslaw"]
[Result "1-0"]
[WhiteElo "2382"]
[BlackElo "2021"]
[PlyCount "51"]
[GameId "2160767911932649"]
[EventDate "1997.07.12"]
[EventType "swiss"]
[EventRounds "10"]
[EventCountry "CAN"]
[SourceTitle "EXP 60"]
[Source "ChessBase"]
[SourceDate "1997.11.24"]
[SourceVersion "1"]
[SourceVersionDate "1997.11.24"]
[SourceQuality "1"]

1. c4 b6 2. Nc3 Bb7 3. e4 e6 4. Nf3 Bb4 5. Bd3 Nh6 6. O-O O-O 7. Re1 Nc6 8. Bc2 f5 9. d4 f4 10. d5 Bxc3 11. bxc3 Ne7 12. d6 cxd6 13. Qxd6 Ng6 14. Ba3 Rf7 15. Rad1 Bc6 16. Nd4 Qf8 17. Nxc6 Qxd6 18. Rxd6 dxc6 19. Rxe6 c5 20. f3 Nf8 21. Rd6 Rd7 22. Red1 Rad8 23. Rxd7 Rxd7 24. Rxd7 Nxd7 25. Bc1 g5 26. h4 1-0

[Event "CAN-op"]
[Site "Winnipeg CAN"]
[Date "1997.07.15"]
[Round "5"]
[White "Nickoloff, Bryon"]
[Black "Nogueiras, Jesus"]
[Result "1/2-1/2"]
[WhiteElo "2400"]
[BlackElo "2535"]
[PlyCount "78"]
[GameId "2160767911932650"]
[EventDate "1997.07.12"]
[EventType "swiss"]
[EventRounds "10"]
[EventCountry "CAN"]
[SourceTitle "CBM 060 Extra"]
[Source "ChessBase"]
[SourceDate "1997.11.04"]
[SourceVersion "1"]
[SourceVersionDate "1997.11.04"]
[SourceQuality "1"]

1. d4 d6 2. Nf3 g6 3. c4 Bg7 4. Nc3 Bg4 5. e3 Nc6 6. Be2 Nf6 7. d5 Bxf3 8. Bxf3 Ne5 9. Be2 O-O 10. e4 c6 11. Be3 Qa5 12. O-O Rfc8 13. Qb3 Rab8 14. a3 h6 15. f3 g5 16. Rfc1 Nfd7 17. Qd1 a6 18. Rc2 Qd8 19. Rac1 cxd5 20. Nxd5 e6 21. Nb4 Qe7 22. Rd2 Bf8 23. b3 Rc7 24. Nc2 Rbc8 25. Bd4 Nc5 26. Ne3 a5 27. b4 axb4 28. axb4 Ncd7 29. Qb3 Ra8 30. Ra2 Rxa2 31. Qxa2 Nc6 32. Bc3 Bg7 33. Qb2 Bxc3 34. Qxc3 Qf6 35. Qxf6 Nxf6 36. Nd5 exd5 37. cxd5 Ne8 38. dxc6 bxc6 39. Kf2 Kf8 1/2-1/2

[Event "CAN-op"]
[Site "Winnipeg CAN"]
[Date "1997.07.15"]
[Round "5"]
[White "Nikouline, Alexandre"]
[Black "Castaneda, Nelson"]
[Result "0-1"]
[WhiteElo "2028"]
[BlackElo "2382"]
[PlyCount "68"]
[GameId "2160767911932651"]
[EventDate "1997.07.12"]
[EventType "swiss"]
[EventRounds "10"]
[EventCountry "CAN"]
[SourceTitle "EXP 60"]
[Source "ChessBase"]
[SourceDate "1997.11.24"]
[SourceVersion "1"]
[SourceVersionDate "1997.11.24"]
[SourceQuality "1"]

1. e4 c5 2. Nf3 Nc6 3. d4 cxd4 4. Nxd4 Nf6 5. Nc3 d6 6. Bc4 e6 7. O-O Be7 8. Be3 O-O 9. Kh1 a6 10. f4 Qc7 11. Nxc6 bxc6 12. Bd3 c5 13. e5 dxe5 14. fxe5 Qxe5 15. Bf4 Qh5 16. Be2 Qh4 17. Bf3 Ra7 18. g3 Qh3 19. Ne4 Nxe4 20. Bxe4 Bb7 21. Qf3 Bxe4 22. Qxe4 Rd8 23. Rfd1 Rxd1+ 24. Rxd1 Rd7 25. Qa8+ Bf8 26. Re1 Qf5 27. Qxa6 Qxc2 28. Qb5 Rd3 29. b3 e5 30. Bg5 h6 31. Bc1 Qf2 32. Qa5 Kh7 33. a4 Bd6 34. Ba3 Rd2 0-1

[Event "CAN-op"]
[Site "Winnipeg CAN"]
[Date "1997.07.15"]
[Round "5"]
[White "Ottosen, David"]
[Black "Teodoro, Eduardo"]
[Result "0-1"]
[WhiteElo "2040"]
[BlackElo "2471"]
[PlyCount "120"]
[GameId "2160767911932653"]
[EventDate "1997.07.12"]
[EventType "swiss"]
[EventRounds "10"]
[EventCountry "CAN"]
[SourceTitle "EXP 60"]
[Source "ChessBase"]
[SourceDate "1997.11.24"]
[SourceVersion "1"]
[SourceVersionDate "1997.11.24"]
[SourceQuality "1"]

1. e4 c5 2. Nf3 e6 3. c3 d5 4. exd5 exd5 5. d4 Nf6 6. Bd3 h6 7. O-O c4 8. Re1+ Be7 9. Bc2 O-O 10. b3 b5 11. a4 b4 12. bxc4 dxc4 13. cxb4 Bxb4 14. Bd2 a5 15. Nc3 Be6 16. Na2 Nc6 17. Nxb4 axb4 18. Ne5 Nxe5 19. dxe5 Nd5 20. Qh5 f5 21. Bxh6 Qe8 22. Qxe8 Rfxe8 23. Bd2 b3 24. Bd1 c3 25. Bxb3 cxd2 26. Red1 Nc3 27. Bxe6+ Rxe6 28. Rxd2 Rxe5 29. g4 fxg4 30. Kg2 Rf5 31. Rd4 Raf8 32. Rxg4 Rxf2+ 33. Kh3 Ne2 34. Ra3 Nf4+ 35. Kg3 Ne2+ 36. Kh3 R8f5 37. Rh4 Rg5 38. Rg4 Rh5+ 39. Rh4 Nf4+ 40. Kg4 Rg2+ 41. Rg3 Rxh4+ 42. Kxh4 Rxh2+ 43. Kg4 Nd5 44. Ra3 Rh6 45. Rd3 Nb4 46. Rd4 Nc6 47. Rd5 Ne7 48. Ra5 Kf7 49. Ra7 Rh1 50. Kf4 Ra1 51. Kg4 Rc1 52. Kh4 Rg1 53. Rb7 Kf6 54. Rb6+ Ke5 55. Rb5+ Nd5 56. a5 Kf4 57. Kh3 Ne3 58. Rb4+ Kf3 59. Kh2 Ra1 60. Rb3 g5 0-1

[Event "CAN-op"]
[Site "Winnipeg CAN"]
[Date "1997.07.15"]
[Round "5"]
[White "Quiring, John"]
[Black "Milord, Frank"]
[Result "1-0"]
[WhiteElo "1959"]
[BlackElo "1722"]
[PlyCount "77"]
[GameId "2160767911932654"]
[EventDate "1997.07.12"]
[EventType "swiss"]
[EventRounds "10"]
[EventCountry "CAN"]
[SourceTitle "EXP 60"]
[Source "ChessBase"]
[SourceDate "1997.11.24"]
[SourceVersion "1"]
[SourceVersionDate "1997.11.24"]
[SourceQuality "1"]

1. e4 c5 2. Nc3 e6 3. Bc4 Nc6 4. f4 d6 5. Nf3 a6 6. a3 Qc7 7. O-O Nf6 8. d3 b5 9. Ba2 Be7 10. Bd2 O-O 11. Qe1 Nd4 12. Rc1 Bd7 13. Qg3 Nxf3+ 14. Rxf3 c4 15. f5 e5 16. Bh6 g6 17. Bxf8 Rxf8 18. Rcf1 Nh5 19. Qg4 Nf6 20. Qh3 Bc8 21. g4 g5 22. Qg2 Bb7 23. h3 d5 24. Qe2 cxd3 25. cxd3 Bxa3 26. Nxd5 Bc5+ 27. Ne3 Qa5 28. Ra1 Qb4 29. Kh2 Bd4 30. Rb1 Qd6 31. Rff1 Rc8 32. Rfc1 Rxc1 33. Rxc1 Qb6 34. Nd1 Bg1+ 35. Kg3 Bd4 36. Qc2 Ne8 37. Nc3 Nf6 38. Qb3 Qc7 39. Nxb5 1-0

[Event "CAN-op"]
[Site "Winnipeg CAN"]
[Date "1997.07.15"]
[Round "5"]
[White "Remillard, John"]
[Black "Regimbald, Adrien"]
[Result "0-1"]
[WhiteElo "1601"]
[BlackElo "1476"]
[PlyCount "74"]
[GameId "2160767911932655"]
[EventDate "1997.07.12"]
[EventType "swiss"]
[EventRounds "10"]
[EventCountry "CAN"]
[SourceTitle "EXP 60"]
[Source "ChessBase"]
[SourceDate "1997.11.24"]
[SourceVersion "1"]
[SourceVersionDate "1997.11.24"]
[SourceQuality "1"]

1. c4 Nf6 2. Nc3 e6 3. g3 d5 4. cxd5 exd5 5. Bg2 c6 6. b3 Bc5 7. Bb2 O-O 8. Rc1 Bb6 9. Nf3 Re8 10. Qc2 d4 11. Na4 d3 12. Qc4 dxe2 13. Ng5 Bxf2+ 14. Kxf2 Ng4+ 15. Ke1 Qxg5 16. Nc5 Bf5 17. Qf4 Qxf4 18. gxf4 b6 19. h3 Nh6 20. Nb7 Be4 21. Rg1 Bxg2 22. Rxg2 g6 23. h4 Nf5 24. h5 c5 25. hxg6 fxg6 26. Rxe2 Rxe2+ 27. Kxe2 Nd7 28. d4 cxd4 29. Rc7 Nf6 30. Ba3 Re8+ 31. Kd2 Nd5 32. Rd7 Nxf4 33. Nd6 Re2+ 34. Kd1 Ne3+ 35. Kc1 Nd3+ 36. Kb1 Re1+ 37. Bc1 Rxc1# 0-1

[Event "CAN-op"]
[Site "Winnipeg CAN"]
[Date "1997.07.15"]
[Round "5"]
[White "Roque, Rodolfo"]
[Black "Kirton, Dale"]
[Result "0-1"]
[WhiteElo "1920"]
[BlackElo "2240"]
[PlyCount "62"]
[GameId "2160767911932656"]
[EventDate "1997.07.12"]
[EventType "swiss"]
[EventRounds "10"]
[EventCountry "CAN"]
[SourceTitle "EXP 60"]
[Source "ChessBase"]
[SourceDate "1997.11.24"]
[SourceVersion "1"]
[SourceVersionDate "1997.11.24"]
[SourceQuality "1"]

1. e4 c5 2. Bc4 Nc6 3. a3 Nf6 4. Nc3 e6 5. Bb5 d5 6. e5 Nd7 7. Bxc6 bxc6 8. Nf3 f6 9. Qe2 Qc7 10. exf6 Nxf6 11. O-O Bd6 12. Re1 O-O 13. h3 Bd7 14. d3 Rae8 15. Bd2 e5 16. Bg5 h6 17. Bxf6 Rxf6 18. Nd2 Ref8 19. Rf1 Qc8 20. f3 Qe8 21. Nd1 Qh5 22. Nf2 e4 23. dxe4 Qe5 24. Ng4 Bxg4 25. hxg4 Qh2+ 26. Kf2 Bg3+ 27. Ke3 Bf4+ 28. Kf2 Qh4+ 29. Kg1 Bh2+ 30. Kh1 Bg3+ 31. Kg1 Qh2# 0-1

[Event "CAN-op"]
[Site "Winnipeg CAN"]
[Date "1997.07.15"]
[Round "5"]
[White "Ross, Dave"]
[Black "Gould, Charles"]
[Result "1-0"]
[WhiteElo "2419"]
[BlackElo "2033"]
[PlyCount "29"]
[GameId "2160767911932657"]
[EventDate "1997.07.12"]
[EventType "swiss"]
[EventRounds "10"]
[EventCountry "CAN"]
[SourceTitle "EXP 60"]
[Source "ChessBase"]
[SourceDate "1997.11.24"]
[SourceVersion "1"]
[SourceVersionDate "1997.11.24"]
[SourceQuality "1"]

1. d4 f5 2. Nc3 Nf6 3. Bg5 e6 4. e4 fxe4 5. Nxe4 Be7 6. Bxf6 Bxf6 7. Nf3 O-O 8. Bd3 Nc6 9. c3 d5 10. Nxf6+ Qxf6 11. Qe2 e5 12. Nxe5 Re8 13. Bxh7+ Kh8 14. Bd3 Bf5 15. Qh5+ 1-0

[Event "CAN-op"]
[Site "Winnipeg CAN"]
[Date "1997.07.15"]
[Round "5"]
[White "Sasata, Robert"]
[Black "Schulz, Manfred"]
[Result "1-0"]
[WhiteElo "2317"]
[BlackElo "1978"]
[PlyCount "63"]
[GameId "2160767911932658"]
[EventDate "1997.07.12"]
[EventType "swiss"]
[EventRounds "10"]
[EventCountry "CAN"]
[SourceTitle "EXP 60"]
[Source "ChessBase"]
[SourceDate "1997.11.24"]
[SourceVersion "1"]
[SourceVersionDate "1997.11.24"]
[SourceQuality "1"]

1. d4 d5 2. c4 c6 3. Nf3 Nf6 4. Nc3 dxc4 5. e4 b5 6. e5 Nd5 7. a4 Nxc3 8. bxc3 e6 9. axb5 cxb5 10. Ng5 Bb7 11. Qh5 g6 12. Qg4 Be7 13. Be2 Bd5 14. O-O Nc6 15. Ne4 h5 16. Qf4 a5 17. Bf3 Ra6 18. Re1 b4 19. Nd6+ Bxd6 20. Bxd5 Be7 21. Bxc4 Rb6 22. Be3 Rb8 23. Qe4 Qc7 24. cxb4 Nxb4 25. Rec1 Qd8 26. Bd2 Kf8 27. Bxe6 Kg7 28. Bc4 Ra8 29. d5 Re8 30. Bb5 Rg8 31. d6 Bf8 32. Bxb4 1-0

[Event "CAN-op"]
[Site "Winnipeg CAN"]
[Date "1997.07.15"]
[Round "5"]
[White "Schmidtke, Ewen"]
[Black "Kaptsan, Aron"]
[Result "0-1"]
[WhiteElo "1783"]
[BlackElo "2227"]
[PlyCount "80"]
[GameId "2160767911932659"]
[EventDate "1997.07.12"]
[EventType "swiss"]
[EventRounds "10"]
[EventCountry "CAN"]
[SourceTitle "EXP 60"]
[Source "ChessBase"]
[SourceDate "1997.11.24"]
[SourceVersion "1"]
[SourceVersionDate "1997.11.24"]
[SourceQuality "1"]

1. c4 c5 2. Nc3 Nf6 3. Nf3 b6 4. g3 Bb7 5. Bg2 g6 6. O-O Bg7 7. d3 O-O 8. Bf4 d6 9. Qd2 Nbd7 10. Bh6 d5 11. cxd5 Nxd5 12. Nxd5 Bxd5 13. Bxg7 Kxg7 14. b3 e5 15. Qg5 Qxg5 16. Nxg5 Bxg2 17. Kxg2 Rad8 18. Rfd1 Nb8 19. Nf3 Nc6 20. Rd2 Rd7 21. Rad1 Rfd8 22. Kf1 f5 23. Ke1 Kf6 24. h4 h6 25. Kf1 Ke6 26. Ke1 Kf6 27. Kf1 g5 28. hxg5+ hxg5 29. e3 g4 30. Ne1 Nb4 31. Ke2 Nd5 32. Rc1 f4 33. gxf4 exf4 34. Rc4 f3+ 35. Kd1 Kg5 36. Nc2 Rf7 37. e4 g3 38. fxg3 f2 39. Rxf2 Rxf2 40. exd5 Rxd5 0-1

[Event "CAN-op"]
[Site "Winnipeg CAN"]
[Date "1997.07.15"]
[Round "5"]
[White "Shabalov, Alexander"]
[Black "Stefansson, Hannes"]
[Result "1-0"]
[WhiteElo "2618"]
[BlackElo "2545"]
[PlyCount "47"]
[GameId "2160767911932660"]
[EventDate "1997.07.12"]
[EventType "swiss"]
[EventRounds "10"]
[EventCountry "CAN"]
[SourceTitle "EXP 60"]
[Source "ChessBase"]
[SourceDate "1997.11.24"]
[SourceVersion "1"]
[SourceVersionDate "1997.11.24"]
[SourceQuality "1"]

1. d4 Nf6 2. c4 e6 3. Nc3 Bb4 4. e3 O-O 5. Bd3 d5 6. Nf3 c5 7. O-O Nc6 8. a3 Bxc3 9. bxc3 Qc7 10. h3 dxc4 11. Bxc4 b6 12. Qe2 Bb7 13. e4 cxd4 14. e5 Na5 15. exf6 Qxc4 16. Qe5 Qd3 17. Nh4 Be4 18. Bh6 gxh6 19. Rfd1 Qc4 20. Rxd4 Qxc3 21. Rad1 Kh8 22. Qxe4 Qxa3 23. Nf3 Nb3 24. R4d3 1-0

[Event "CAN-op"]
[Site "Winnipeg CAN"]
[Date "1997.07.15"]
[Round "5"]
[White "Strojevs, Alexander"]
[Black "Mason, Cedric"]
[Result "0-1"]
[WhiteElo "1792"]
[BlackElo "1708"]
[PlyCount "78"]
[GameId "2160767911932661"]
[EventDate "1997.07.12"]
[EventType "swiss"]
[EventRounds "10"]
[EventCountry "CAN"]
[SourceTitle "EXT 2022"]
[Source "ChessBase"]
[SourceDate "2021.10.06"]
[SourceVersion "1"]
[SourceVersionDate "2021.10.06"]
[SourceQuality "1"]

1. e4 c6 2. d4 d5 3. exd5 cxd5 4. Bf4 Nc6 5. Nf3 Bg4 6. Be2 e6 7. h3 Bxf3 8. Bxf3 Qb6 9. Be3 Qxb2 10. Nd2 Nxd4 11. Bxd4 Qxd4 12. O-O Nf6 13. Qe2 Bd6 14. Qb5+ Nd7 15. Rfd1 Be5 16. Qxb7 Rb8 17. Qc6 Qb6 18. Qxb6 Nxb6 19. Rab1 O-O 20. Be2 Na4 21. Rxb8 Rxb8 22. Rb1 Nc3 23. Rxb8+ Bxb8 24. Bd3 Nxa2 25. c4 Nb4 26. Be2 d4 27. Nb3 e5 28. f3 f5 29. Nc5 a5 30. Kf1 Kf7 31. Ke1 Ba7 32. Nb7 a4 33. Kd1 d3 34. Bf1 Ke6 35. Kd2 e4 36. fxe4 fxe4 37. c5 a3 38. Kc3 a2 39. Kb2 e3 0-1

[Event "CAN-op"]
[Site "Winnipeg CAN"]
[Date "1997.07.15"]
[Round "5"]
[White "Taylor, Gordon"]
[Black "Knapper, Brian"]
[Result "1-0"]
[WhiteElo "2394"]
[BlackElo "1989"]
[PlyCount "67"]
[GameId "2160767911932662"]
[EventDate "1997.07.12"]
[EventType "swiss"]
[EventRounds "10"]
[EventCountry "CAN"]
[SourceTitle "EXP 60"]
[Source "ChessBase"]
[SourceDate "1997.11.24"]
[SourceVersion "1"]
[SourceVersionDate "1997.11.24"]
[SourceQuality "1"]

1. d4 d5 2. c4 Nc6 3. Nf3 Bg4 4. cxd5 Bxf3 5. gxf3 Qxd5 6. e3 e5 7. Nc3 Bb4 8. Bd2 Bxc3 9. bxc3 Nf6 10. c4 Qd7 11. d5 Ne7 12. Bc3 Ng6 13. h4 h5 14. Bh3 Qd8 15. Qa4+ Kf8 16. Bf5 Ne7 17. Bc2 Nd7 18. Qa3 Nb6 19. O-O-O Nxc4 20. Qc5 b5 21. Qxb5 Nd6 22. Qc5 f6 23. Rhg1 Kf7 24. f4 exf4 25. e4 Ng6 26. Rxg6 Kxg6 27. e5+ Kf7 28. exd6 cxd6 29. Qd4 Qc7 30. Rg1 Rhc8 31. Rxg7+ Kxg7 32. Qxf6+ Kg8 33. Qh8+ Kf7 34. Qg7+ 1-0

[Event "CAN-op"]
[Site "Winnipeg CAN"]
[Date "1997.07.15"]
[Round "5"]
[White "Vera, Reynaldo"]
[Black "Hodgson, Julian"]
[Result "1/2-1/2"]
[WhiteElo "2530"]
[BlackElo "2590"]
[PlyCount "69"]
[GameId "2160767911932663"]
[EventDate "1997.07.12"]
[EventType "swiss"]
[EventRounds "10"]
[EventCountry "CAN"]
[SourceTitle "CBM 060 Extra"]
[Source "ChessBase"]
[SourceDate "1997.11.04"]
[SourceVersion "1"]
[SourceVersionDate "1997.11.04"]
[SourceQuality "1"]

1. d4 d6 2. c4 e5 3. Nc3 exd4 4. Qxd4 Nc6 5. Qd2 Nf6 6. b3 Be6 7. e4 g6 8. Bb2 Bg7 9. Bd3 O-O 10. Nge2 Ng4 11. h3 Nge5 12. O-O-O Nb4 13. Bb1 Bxc4 14. bxc4 Nxc4 15. Qf4 Be5 16. Qh6 c6 17. Rd4 Bxd4 18. Nxd4 Nxb2 19. Kxb2 Re8 20. Rd1 Qf6 21. f4 Na6 22. Nf5 Nc5 23. e5 dxe5 24. Rd6 Re6 25. Rxe6 fxe6 26. fxe5 Qf8 27. Qxf8+ Rxf8 28. Ne3 Nd7 29. Ne4 Nxe5 30. Bc2 Rd8 31. Kc3 b6 32. Ng5 Rd6 33. Ne4 Rd8 34. Ng5 Rd6 35. Ne4 1/2-1/2

[Event "CAN-op"]
[Site "Winnipeg CAN"]
[Date "1997.07.15"]
[Round "5"]
[White "Waissbluth, Boris"]
[Black "Neven, Knut"]
[Result "0-1"]
[WhiteElo "2140"]
[BlackElo "2245"]
[PlyCount "102"]
[GameId "2160767911932664"]
[EventDate "1997.07.12"]
[EventType "swiss"]
[EventRounds "10"]
[EventCountry "CAN"]
[SourceTitle "EXP 60"]
[Source "ChessBase"]
[SourceDate "1997.11.24"]
[SourceVersion "1"]
[SourceVersionDate "1997.11.24"]
[SourceQuality "1"]

1. e4 e6 2. d4 d5 3. Nd2 Nf6 4. e5 Nfd7 5. c3 c5 6. Bd3 Nc6 7. Ne2 cxd4 8. cxd4 f6 9. exf6 Nxf6 10. O-O Bd6 11. Nf3 Qc7 12. Bg5 O-O 13. Rc1 Bd7 14. Nc3 a6 15. Bh4 Be8 16. Bg3 Bh5 17. Be2 Bxg3 18. hxg3 Bxf3 19. Bxf3 Qb6 20. Na4 Qxd4 21. Qxd4 Nxd4 22. Nb6 Rad8 23. Rc7 Rf7 24. Rfc1 Nc6 25. Rc8 Rxc8 26. Nxc8 Rd7 27. Nb6 Rd8 28. Kf1 Kf7 29. Be2 a5 30. Bb5 Nd7 31. Nxd7 Rxd7 32. Bxc6 bxc6 33. Rxc6 Rb7 34. Ra6 Rxb2 35. Rxa5 Kf6 36. a4 Ke5 37. Ra7 Kd4 38. Rxg7 Kd3 39. Kg1 d4 40. a5 Rb1+ 41. Kh2 Ra1 42. Re7 Rxa5 43. Rxe6 Kc4 44. Kh3 d3 45. Re1 d2 46. Rd1 Kd3 47. Kh4 Ke2 48. Rxd2+ Kxd2 49. g4 Kd3 50. f4 Ke4 51. f5 Ke5 0-1

[Event "CAN-op"]
[Site "Winnipeg CAN"]
[Date "1997.07.15"]
[Round "5"]
[White "Yoos, John"]
[Black "Lauritson, Jim"]
[Result "1-0"]
[WhiteElo "2410"]
[BlackElo "2073"]
[PlyCount "59"]
[GameId "2160767911932665"]
[EventDate "1997.07.12"]
[EventType "swiss"]
[EventRounds "10"]
[EventCountry "CAN"]
[SourceTitle "EXP 60"]
[Source "ChessBase"]
[SourceDate "1997.11.24"]
[SourceVersion "1"]
[SourceVersionDate "1997.11.24"]
[SourceQuality "1"]

1. e4 c5 2. Nf3 e6 3. d4 cxd4 4. Nxd4 a6 5. Bd3 Nf6 6. Qe2 d6 7. O-O Nc6 8. Nxc6 bxc6 9. c4 Be7 10. Nc3 O-O 11. b3 e5 12. Bc2 Qc7 13. Bg5 Be6 14. Rad1 Rfd8 15. Rd2 a5 16. Qd3 Ne8 17. Be3 Bc8 18. f4 Ba6 19. Rfd1 Nf6 20. Qe2 Bc8 21. h3 Ba6 22. Qf3 Nd7 23. f5 Nb6 24. g4 f6 25. h4 a4 26. g5 axb3 27. axb3 Kh8 28. Rg2 Bb7 29. g6 Ra3 30. Qh5 1-0

[Event "CAN-op"]
[Site "Winnipeg CAN"]
[Date "1997.07.16"]
[Round "6"]
[White "Bowerman, Robert"]
[Black "Taylor, Gordon"]
[Result "0-1"]
[WhiteElo "2164"]
[BlackElo "2394"]
[PlyCount "88"]
[GameId "2160767911932666"]
[EventDate "1997.07.12"]
[EventType "swiss"]
[EventRounds "10"]
[EventCountry "CAN"]
[SourceTitle "EXP 60"]
[Source "ChessBase"]
[SourceDate "1997.11.24"]
[SourceVersion "1"]
[SourceVersionDate "1997.11.24"]
[SourceQuality "1"]

1. d4 Nf6 2. c4 e6 3. Nc3 Bb4 4. e3 c5 5. Bd3 O-O 6. a3 Bxc3+ 7. bxc3 Nc6 8. Ne2 d6 9. O-O b6 10. e4 Ne8 11. f4 f5 12. Be3 Nf6 13. e5 Ng4 14. Qd2 Na5 15. Rab1 d5 16. cxd5 c4 17. Bc2 Qxd5 18. Rf3 Bb7 19. h3 Nh6 20. Kh2 Rac8 21. Rg1 Kh8 22. Rf2 Qd8 23. g3 Bd5 24. Nc1 Nc6 25. Bd1 Ne7 26. Bf3 Bxf3 27. Rxf3 Nd5 28. Na2 a5 29. a4 Qd7 30. Qc2 Rb8 31. Bc1 b5 32. axb5 Rxb5 33. Ba3 Rfb8 34. Qe2 Rb3 35. Bc1 Qa4 36. Rg2 Rb1 37. Qc2 R8b3 38. Rff2 Ng8 39. g4 Nge7 40. Rg3 Qb5 41. Rgg2 Ra1 42. Rg3 Rbb1 43. Ba3 Rh1+ 44. Kg2 Qb7 0-1

[Event "CAN-op"]
[Site "Winnipeg CAN"]
[Date "1997.07.16"]
[Round "6"]
[White "Brodie, Hugh"]
[Black "Ditt, Egon"]
[Result "0-1"]
[WhiteElo "2080"]
[BlackElo "2250"]
[PlyCount "60"]
[GameId "2160767911932667"]
[EventDate "1997.07.12"]
[EventType "swiss"]
[EventRounds "10"]
[EventCountry "CAN"]
[SourceTitle "EXP 60"]
[Source "ChessBase"]
[SourceDate "1997.11.24"]
[SourceVersion "1"]
[SourceVersionDate "1997.11.24"]
[SourceQuality "1"]

1. f4 d5 2. e3 Nf6 3. Nf3 g6 4. d4 Bg7 5. Bd3 O-O 6. O-O c5 7. c3 b6 8. Qe2 Qc7 9. Ne5 Ne4 10. Nd2 f6 11. Ng4 Bxg4 12. Qxg4 f5 13. Qh4 Bf6 14. Qe1 Nc6 15. Nf3 e6 16. Ne5 Nxe5 17. fxe5 Be7 18. Qe2 Ng5 19. Bd2 c4 20. Bc2 b5 21. b3 cxb3 22. axb3 b4 23. c4 dxc4 24. bxc4 a5 25. Ra4 Rfb8 26. Bb3 Qd8 27. Qd3 Ne4 28. Qc2 Kg7 29. Qb2 Bg5 30. Rfa1 Nc3 0-1